| 000 | 00914cam a2200301 a 4500 | ||
|---|---|---|---|
| 001 | 000011425 | ||
| 003 | DO-SdBNP | ||
| 005 | 20171024105615.0 | ||
| 007 | 000011425 | ||
| 008 | 841203s1994 sp 000 f spa | ||
| 040 |
_aBPMET _bspa _cBPMET |
||
| 041 | 1 | 7 | _aspa |
| 092 |
_a843.8 _bD886tr |
||
| 100 | 1 |
_aDumas, Alexandre, _d1802-1870 |
|
| 245 | 1 | 4 |
_aLos tres mosqueteros / _cAlejandro Dumas ; versión Montse V. ; ilustraciones A. Centeno |
| 260 |
_aSanto Domingo : _bTobogán _c1994 |
||
| 300 |
_a127 p. ; _c23 cm |
||
| 490 | _aClásicos universales | ||
| 534 |
_pTítulo original: _tLes Trois Mousquetaires |
||
| 650 | 4 | _aNOVELA FRANCESA | |
| 650 | 4 | _aLITERATURA FRANCESA | |
| 700 | 1 | _aV., Montese | |
| 700 | 1 |
_aCenteno, A. _eil. |
|
| 830 | _pClásicos universales | ||
| 942 |
_2ddc _cBK |
||
| 945 | _aTítulo remanejado para BNPHU / 2017 VM | ||
| 956 |
_aVMATEO _b10 _c20150511 _lBPMSU _h00151 |
||
| 999 |
_c7860 _d7860 |
||